Tính toán nền móng công trình theo thời gian
Wedi'i Gadw mewn:
| Prif Awdur: | |
|---|---|
| Fformat: | Llyfr |
| Iaith: | Undetermined |
| Cyhoeddwyd: |
Tp. HCM
ĐH Kỹ Thuật
2000
|
| Pynciau: | |
| Tagiau: |
Ychwanegu Tag
Dim Tagiau, Byddwch y cyntaf i dagio'r cofnod hwn!
|
| Thư viện lưu trữ: | Trung tâm Học liệu Trường Đại học Cần Thơ |
|---|
| LEADER | 00558nam a2200181Ia 4500 | ||
|---|---|---|---|
| 001 | CTU_56787 | ||
| 008 | 210402s9999 xx 000 0 und d | ||
| 020 | |b 12500 | ||
| 082 | |a 624.15 | ||
| 082 | |b L561 | ||
| 100 | |a Lê Bá Lương | ||
| 245 | 0 | |a Tính toán nền móng công trình theo thời gian | |
| 245 | 0 | |c Lê Bá Lương | |
| 260 | |a Tp. HCM | ||
| 260 | |b ĐH Kỹ Thuật | ||
| 260 | |c 2000 | ||
| 650 | |a underground construction,foundations,underground engineering | ||
| 980 | |a Trung tâm Học liệu Trường Đại học Cần Thơ | ||